[Event "Moscow Aeroflot op-A"]
[Site "Moscow"]
[Date "2024.03.06"]
[Round "7"]
[White "Tkachev, Grigory"]
[Black "Murtazin, Bulat"]
[Result "1-0"]
[WhiteElo "2309"]
[BlackElo "2312"]
[PlyCount "61"]
[EventDate "2024.03.03"]
[EventType "swiss"]
[EventRounds "9"]
[EventCountry "RUS"]
[SourceTitle "CB11_2024"]
[SourceDate "2024.03.13"]
[SourceVersion "1"]
[SourceVersionDate "2024.03.13"]
[SourceQuality "1"]

1. d4 Nf6 2. c4 g6 3. Nc3 Bg7 4. e4 d6 5. h3 0-0 6. Be3 c5 7. d5 e6 8. Bd3 exd5 9. exd5 Re8 10. Nf3 b5 11. cxb5 Nbd7 12. 0-0 Nb6 13. Bc2 Bb7 14. Bb3 Ne4 15. Nxe4 Rxe4 16. a4 Qe7 17. a5 Nc4 18. Bxc4 Rxc4 19. a6 Bc8 20. Ra4 Rxa4 21. Qxa4 Bd7 22. Re1 Re8 23. Bxc5 Qf8 24. Bxa7 Rxe1+ 25. Nxe1 Qe8 26. Be3 Bxb5 27. Qa5 Bc4 28. a7 Qa8 29. Qc7 Bxd5 30. Qb8+ Bf8 31. Bh6 1-0

[Event "Titled Tuesday intern op 06th Feb Late"]
[Site "Chess.com INT"]
[Date "2024.02.06"]
[Round "5"]
[White "Cueto, Jose"]
[Black "Murtazin, Bulat"]
[Result "0-1"]
[WhiteElo "2095"]
[BlackElo "2312"]
[PlyCount "60"]
[EventDate "2024.02.06"]
[EventType "swiss (blitz)"]
[EventRounds "11"]
[EventCountry "USA"]
[SourceTitle "CB07_2024"]
[SourceDate "2024.02.14"]
[SourceVersion "1"]
[SourceVersionDate "2024.02.14"]
[SourceQuality "1"]

1. d4 Nf6 2. Bf4 e6 3. e3 Bd6 4. Nf3 Bxf4 5. exf4 c5 6. Nbd2 cxd4 7. Nxd4 Nc6 8. N4f3 0-0 9. c3 d6 10. Bd3 e5 11. fxe5 dxe5 12. Ne4 Bg4 13. h3 Bh5 14. Qe2 Qe7 15. 0-0 Rad8 16. Ng3 Bg6 17. Bxg6 hxg6 18. Rad1 Nd5 19. Rfe1 Qf6 20. Qb5 Nf4 21. Ne4 Nxh3+ 22. Kh2 Qf5 23. Ng3 Qg4 24. Rxd8 Rxd8 25. Re4 Nf4 26. Qxb7 f5 27. Qxc6 fxe4 28. Qxe4 Rd1 29. Qa8+ Kh7 30. Qd8 Rxd8 0-1

[Event "Titled Tuesday intern op 06th Feb Late"]
[Site "Chess.com INT"]
[Date "2024.02.06"]
[Round "2"]
[White "Murtazin, Bulat"]
[Black "Huda, Maryana"]
[Result "0-1"]
[WhiteElo "2312"]
[BlackElo "2160"]
[PlyCount "88"]
[EventDate "2024.02.06"]
[EventType "swiss (blitz)"]
[EventRounds "11"]
[EventCountry "USA"]
[SourceTitle "CB07_2024"]
[SourceDate "2024.02.14"]
[SourceVersion "1"]
[SourceVersionDate "2024.02.14"]
[SourceQuality "1"]

1. d4 Nf6 2. c4 e6 3. Nf3 d5 4. Nc3 Be7 5. Bg5 0-0 6. Rc1 b6 7. cxd5 exd5 8. e3 Bb7 9. Bd3 Nbd7 10. Bb1 c5 11. dxc5 bxc5 12. 0-0 Re8 13. a3 Rc8 14. Ba2 h6 15. Bf4 c4 16. Qc2 Nc5 17. Rfd1 Nd3 18. Rxd3 cxd3 19. Qxd3 Ne4 20. Nd4 Nxc3 21. bxc3 Bf6 22. Bb1 g6 23. Bxh6 Bg7 24. Bf4 Qa5 25. Bd6 Qa6 26. Bb4 Qxd3 27. Bxd3 Bxd4 28. exd4 Re6 29. Bc5 Rce8 30. Kf1 a6 31. Rb1 Bc8 32. h4 Kg7 33. g3 Rd8 34. Kg2 Rd7 35. Rb8 Re8 36. Bc2 Rc7 37. Kh2 Rb7 38. Ra8 Rb2 39. Ba4 Ree2 40. Rxc8 Rxf2+ 41. Kh3 f5 42. Rc7+ Kf6 43. Rc6+ Kf7 44. Rc7+ Kf6 0-1

[Event "Titled Tuesday intern op 06th Feb Late"]
[Site "Chess.com INT"]
[Date "2024.02.06"]
[Round "4"]
[White "Murtazin, Bulat"]
[Black "Quirke, Jeffrey"]
[Result "0-1"]
[WhiteElo "2312"]
[BlackElo "1986"]
[PlyCount "64"]
[EventDate "2024.02.06"]
[EventType "swiss (blitz)"]
[EventRounds "11"]
[EventCountry "USA"]
[SourceTitle "CB07_2024"]
[SourceDate "2024.02.14"]
[SourceVersion "1"]
[SourceVersionDate "2024.02.14"]
[SourceQuality "1"]

1. d4 Nf6 2. c4 g6 3. f3 Bg7 4. e4 d6 5. Ne2 0-0 6. Be3 a6 7. Nbc3 Nc6 8. Qd2 Na5 9. Nc1 Nd7 10. d5 c5 11. Be2 b5 12. cxb5 c4 13. b4 cxb3 14. axb3 axb5 15. Rb1 b4 16. Na4 Nc5 17. 0-0 Nxa4 18. bxa4 Bc3 19. Qd1 Ba6 20. Bd4 Bxe2 21. Nxe2 Bxd4+ 22. Nxd4 Qb6 23. Kh1 Nc4 24. Nc6 Ne3 25. Qe2 Nxf1 26. Qxf1 b3 27. Qd3 Rxa4 28. Qc3 Re8 29. h4 h5 30. Rxb3 Ra1+ 31. Qxa1 Qxb3 32. Qa7 Qd1+ 0-1

[Event "Titled Tuesday intern op 16th Jan Late"]
[Site "Chess.com INT"]
[Date "2024.01.16"]
[Round "1"]
[White "Svane, Rasmus"]
[Black "Murtazin, Bulat"]
[Result "1-0"]
[WhiteElo "2637"]
[BlackElo "2312"]
[PlyCount "69"]
[EventDate "2024.01.16"]
[EventType "swiss (blitz)"]
[EventRounds "11"]
[EventCountry "USA"]
[SourceTitle "CB04_2024"]
[SourceDate "2023.10.16"]
[SourceVersion "1"]
[SourceVersionDate "2023.10.16"]
[SourceQuality "1"]

1. Nf3 Nf6 2. g3 g6 3. Bg2 Bg7 4. 0-0 0-0 5. d4 d6 6. Re1 Nc6 7. d5 Nb8 8. c4 e5 9. dxe6 fxe6 10. Nc3 Nc6 11. h3 e5 12. Be3 Be6 13. Qa4 h6 14. Red1 Qc8 15. Kh2 Ne7 16. Nd2 Nf5 17. Nde4 Nxe3 18. fxe3 Nd7 19. Nd5 Qd8 20. Qb4 Rb8 21. Rf1 Bf5 22. Qd2 Kh7 23. Rad1 h5 24. b4 Bh6 25. c5 c6 26. Nxd6 cxd5 27. Qxd5 Nf6 28. Qxe5 Qc7 29. e4 Rbe8 30. Qxf6 Rxf6 31. Nxe8 Qe7 32. Nxf6+ Qxf6 33. exf5 gxf5 34. Rd7+ Kg6 35. Rd6 1-0

[Event "Titled Tuesday intern op 03rd May Early"]
[Site "Chess.com INT"]
[Date "2022.05.03"]
[Round "3"]
[White "Hnydiuk, Aleksander"]
[Black "Murtazin, Bulat"]
[Result "1-0"]
[WhiteElo "2394"]
[BlackElo "2329"]
[PlyCount "57"]
[EventDate "2022.05.03"]
[EventType "swiss (blitz)"]
[EventRounds "11"]
[EventCountry "USA"]
[SourceTitle "CBM 208 Extra"]
[Source "ChessBase"]
[SourceDate "2022.07.31"]
[SourceVersion "1"]
[SourceVersionDate "2022.07.31"]
[SourceQuality "1"]

1. e4 c6 2. d4 d5 3. exd5 cxd5 4. Bf4 Bf5 5. Nf3 e6 6. Ne5 Nc6 7. Bb5 Rc8 8. 0-0 Bd6 9. c4 Nge7 10. Nc3 0-0 11. Re1 dxc4 12. Bg3 Nxe5 13. dxe5 Bb4 14. Qa4 Qa5 15. Rec1 a6 16. Qxa5 Bxa5 17. Ba4 Rfd8 18. Bf4 Ng6 19. Bg5 Rd4 20. Ne2 Rg4 21. f4 Be4 22. g3 Bd3 23. h3 Bxe2 24. hxg4 h6 25. Bh4 Bb6+ 26. Kg2 Nf8 27. Be7 Ng6 28. Bd6 Bd3 29. Bc2 1-0

[Event "Titled Tuesday intern op 03rd May Early"]
[Site "Chess.com INT"]
[Date "2022.05.03"]
[Round "2"]
[White "Murtazin, Bulat"]
[Black "Fier, Alexandr"]
[Result "1-0"]
[WhiteElo "2329"]
[BlackElo "2567"]
[PlyCount "97"]
[EventDate "2022.05.03"]
[EventType "swiss (blitz)"]
[EventRounds "11"]
[EventCountry "USA"]
[SourceTitle "CBM 208 Extra"]
[Source "ChessBase"]
[SourceDate "2022.07.31"]
[SourceVersion "1"]
[SourceVersionDate "2022.07.31"]
[SourceQuality "1"]

1. d4 Nf6 2. c4 c5 3. d5 e6 4. Nc3 exd5 5. cxd5 d6 6. Nf3 g6 7. Bf4 Bg7 8. Qa4+ Bd7 9. Qb3 Qc7 10. e3 0-0 11. Be2 Nh5 12. Bg5 Na6 13. 0-0 Rab8 14. Nd2 b5 15. Nde4 f5 16. Bxh5 gxh5 17. Ng3 Be8 18. Qc2 Bg6 19. Qe2 b4 20. Nb5 Qd7 21. a4 Rbe8 22. Bf4 h4 23. Nh5 Bxh5 24. Qxh5 Bxb2 25. Nxd6 Re5 26. Rab1 Bc3 27. Qg5+ Qg7 28. Qxg7+ Kxg7 29. Bxe5+ Bxe5 30. Nc4 Bc3 31. f3 Nc7 32. e4 f4 33. Rfd1 Rd8 34. d6 Ne6 35. Rd5 Nd4 36. Rxc5 Nxf3+ 37. Kf1 Nd2+ 38. Nxd2 Bxd2 39. e5 Kf7 40. Rd1 Bc3 41. d7 Ke6 42. Rc6+ Ke7 43. e6 b3 44. Rxc3 b2 45. Rb3 Kxe6 46. Rxb2 h3 47. Re2+ Kf5 48. gxh3 f3 49. Re8 1-0

[Event "Titled Tuesday intern op 03rd May Early"]
[Site "Chess.com INT"]
[Date "2022.05.03"]
[Round "4"]
[White "Murtazin, Bulat"]
[Black "Kosteniuk, Alexandra"]
[Result "1-0"]
[WhiteElo "2329"]
[BlackElo "2513"]
[PlyCount "119"]
[EventDate "2022.05.03"]
[EventType "swiss (blitz)"]
[EventRounds "11"]
[EventCountry "USA"]
[SourceTitle "CBM 208 Extra"]
[Source "ChessBase"]
[SourceDate "2022.07.31"]
[SourceVersion "1"]
[SourceVersionDate "2022.07.31"]
[SourceQuality "1"]

1. d4 Nf6 2. c4 e6 3. Nf3 c5 4. d5 b5 5. dxe6 fxe6 6. cxb5 a6 7. bxa6 d5 8. e3 Bd6 9. Bb5+ Bd7 10. Bd3 0-0 11. b3 Nxa6 12. 0-0 Nb4 13. Bb2 Nxd3 14. Qxd3 Qb8 15. Nc3 Ng4 16. h3 Rxf3 17. gxf3 Nh2 18. f4 Nxf1 19. Qxf1 Qe8 20. Qg2 Qf7 21. Nb1 Bc6 22. Nd2 Qb7 23. Qg4 Qf7 24. Nf3 d4 25. Ng5 Qf5 26. Nxe6 Qxg4+ 27. hxg4 d3 28. Kf1 Bf3 29. Ke1 c4 30. Kd2 Bxg4 31. Nd4 h5 32. bxc4 h4 33. f3 Bd7 34. Kxd3 h3 35. a3 Rb8 36. Bc3 Ra8 37. Nc2 Bc6 38. Rg1 Bf8 39. e4 Bd7 40. f5 h2 41. Rh1 Bd6 42. Ke3 Bg3 43. f4 Ba4 44. Nd4 Bd7 45. Ne2 Bh4 46. Rxh2 Be7 47. Rg2 Rxa3 48. Rxg7+ Kf8 49. Rh7 Bb4 50. Rxd7 Bxc3 51. Rd3 Bd2+ 52. Kxd2 Ra4 53. Ke3 Ra2 54. Ng3 Rg2 55. Kf3 Rh2 56. Re3 Ke7 57. e5 Rh3 58. f6+ Ke6 59. Kg4 Kf7 60. Kxh3 1-0

[Event "Titled Tuesday intern op 03rd May Early"]
[Site "Chess.com INT"]
[Date "2022.05.03"]
[Round "10"]
[White "Stanisz, Patryk"]
[Black "Murtazin, Bulat"]
[Result "0-1"]
[WhiteElo "2199"]
[BlackElo "2329"]
[PlyCount "74"]
[EventDate "2022.05.03"]
[EventType "swiss (blitz)"]
[EventRounds "11"]
[EventCountry "USA"]
[SourceTitle "CBM 208 Extra"]
[Source "ChessBase"]
[SourceDate "2022.07.31"]
[SourceVersion "1"]
[SourceVersionDate "2022.07.31"]
[SourceQuality "1"]

1. Nf3 Nf6 2. g3 g6 3. Bg2 Bg7 4. 0-0 0-0 5. d4 d6 6. c4 Nc6 7. Nc3 Bf5 8. Nh4 Bd7 9. Nf3 e5 10. dxe5 dxe5 11. Nd5 e4 12. Ng5 Nxd5 13. cxd5 Nd4 14. Nxe4 c6 15. d6 Bg4 16. f3 Bf5 17. Be3 Bxe4 18. Bxd4 Bd5 19. e4 Be6 20. Bxg7 Kxg7 21. Qd4+ f6 22. f4 Qb6 23. Qxb6 axb6 24. a3 Ra5 25. Rfd1 Rd8 26. Rd2 g5 27. Re1 h5 28. Bf3 h4 29. Kf2 Rb5 30. gxh4 gxf4 31. h5 Bf7 32. Bg4 Bxh5 33. Bxh5 Rxh5 34. Kf3 Kf7 35. Kxf4 Ke6 36. Red1 Rh3 37. Kg4 Rdh8 0-1

[Event "Moscow op-A 17th"]
[Site "Moscow"]
[Date "2021.02.28"]
[Round "9"]
[White "Murtazin, Bulat"]
[Black "Bazyrtsyrenov, Kirill"]
[Result "0-1"]
[WhiteElo "2355"]
[BlackElo "2156"]
[PlyCount "64"]
[EventDate "2021.02.20"]
[EventType "swiss"]
[EventRounds "9"]
[EventCountry "RUS"]
[SourceTitle "EXT 2022"]
[Source "ChessBase"]
[SourceDate "2021.10.06"]
[SourceVersion "1"]
[SourceVersionDate "2021.10.06"]
[SourceQuality "1"]

1. d4 Nf6 2. c4 g6 3. f3 Bg7 4. e4 d6 5. Ne2 0-0 6. Be3 a6 7. Nbc3 Nc6 8. Qd2 Bd7 9. a3 Na5 10. Nc1 c5 11. dxc5 dxc5 12. Bxc5 Rc8 13. Qe3 Rc6 14. Nd5 Re8 15. Nb4 Re6 16. Be2 Ba4 17. 0-0 b6 18. Ncd3 bxc5 19. Nxc5 Ng4 20. Qg5 Qd4+ 21. Kh1 Re5 22. Qxg4 Rxc5 23. Nxa6 Rcc8 24. Qg5 Nxc4 25. Rac1 Bf6 26. Qd5 Qxd5 27. exd5 Ne3 28. Rg1 Bxb2 29. Rb1 Bxa3 30. Ra1 Nc2 31. Bd1 Nxa1 32. Bxa4 Nc2 0-1

[Event "Titled Tuesday intern op 19th Jan"]
[Site "Chess.com INT"]
[Date "2021.01.19"]
[Round "8"]
[White "Djokic, Mihailo"]
[Black "Murtazin, Bulat"]
[Result "1-0"]
[WhiteElo "2227"]
[BlackElo "2355"]
[PlyCount "59"]
[EventDate "2021.01.19"]
[EventType "swiss (blitz)"]
[EventRounds "11"]
[EventCountry "USA"]
[SourceTitle "CBM 200 Extra"]
[Source "ChessBase"]
[SourceDate "2021.03.31"]
[SourceVersion "1"]
[SourceVersionDate "2021.03.31"]
[SourceQuality "1"]

1. e4 e6 2. d4 d5 3. Nc3 Nf6 4. Bg5 Bb4 5. e5 h6 6. Bh4 g5 7. Bg3 Ne4 8. Nge2 c5 9. a3 Ba5 10. dxc5 d4 11. b4 dxc3 12. bxa5 Qxa5 13. Qd4 Nxc5 14. Nxc3 Nc6 15. Bb5 Ne4 16. Qxe4 Qxc3+ 17. Ke2 0-0 18. Rhd1 Qc5 19. Bd3 Nd4+ 20. Kf1 Nf5 21. h4 gxh4 22. Bxh4 Bd7 23. Qg4+ Kh7 24. Bf6 Rg8 25. Qh5 Be8 26. g4 Qc6 27. gxf5 Qg2+ 28. Ke2 Bc6 29. fxe6+ Rg6 30. exf7 1-0

[Event "Titled Tuesday intern op 19th Jan"]
[Site "Chess.com INT"]
[Date "2021.01.19"]
[Round "11"]
[White "Hamley, Ryan"]
[Black "Murtazin, Bulat"]
[Result "0-1"]
[WhiteElo "2039"]
[BlackElo "2355"]
[PlyCount "56"]
[EventDate "2021.01.19"]
[EventType "swiss (blitz)"]
[EventRounds "11"]
[EventCountry "USA"]
[SourceTitle "CBM 200 Extra"]
[Source "ChessBase"]
[SourceDate "2021.03.31"]
[SourceVersion "1"]
[SourceVersionDate "2021.03.31"]
[SourceQuality "1"]

1. e4 c5 2. Nf3 Nc6 3. Bb5 e6 4. 0-0 Nge7 5. c3 a6 6. Bxc6 Nxc6 7. d4 cxd4 8. cxd4 Bd6 9. d5 Ne5 10. Nxe5 Bxe5 11. f4 Qb6+ 12. Kh1 Bxb2 13. Bxb2 Qxb2 14. Nd2 0-0 15. d6 b5 16. Nb3 Bb7 17. Qd3 Rac8 18. Kg1 Rc2 19. Qf3 Rfc8 20. f5 exf5 21. Rab1 Qxa2 22. Nd4 Bxe4 23. Ra1 Rxg2+ 24. Kh1 Bxf3 25. Rxa2 Rxa2+ 26. Nxf3 Rcc2 27. Re1 g5 28. Re5 g4 0-1

[Event "Moscow op-A 15th"]
[Site "Moscow"]
[Date "2019.01.27"]
[Round "2"]
[White "Murtazin, Bulat"]
[Black "Tsydypov, Zhamsaran"]
[Result "0-1"]
[WhiteElo "2373"]
[BlackElo "2545"]
[PlyCount "74"]
[EventDate "2019.01.26"]
[EventType "swiss"]
[EventRounds "9"]
[EventCountry "RUS"]
[SourceTitle "CBM 188 Extra"]
[Source "ChessBase"]
[SourceDate "2019.02.26"]
[SourceVersion "1"]
[SourceVersionDate "2019.02.26"]
[SourceQuality "1"]

1. d4 d5 2. c4 e6 3. Nc3 c6 4. Nf3 dxc4 5. a4 Bb4 6. e3 b5 7. Bd2 a5 8. axb5 Bxc3 9. Bxc3 cxb5 10. b3 Bb7 11. bxc4 b4 12. Bb2 Nf6 13. Bd3 0-0 14. 0-0 Nbd7 15. Nd2 Qc7 16. Bc2 Rfd8 17. Re1 e5 18. f3 Nb6 19. c5 Nbd5 20. Nc4 exd4 21. Qxd4 h5 22. Kh1 a4 23. e4 Nf4 24. Qe3 Nd7 25. Bxa4 Nxc5 26. Be5 Qe7 27. Qxf4 Nxa4 28. Bd6 Qe6 29. e5 b3 30. Ne3 b2 31. Rxa4 Qb3 32. Qb4 Qxa4 33. Qxb2 Qh4 34. Rc1 Qf4 35. Nc4 Ra2 36. Qc3 Rc8 37. e6 Qxc4 0-1

[Event "Moscow RSHSH Cup"]
[Site "Moscow"]
[Date "2018.10.21"]
[Round "5"]
[White "Murtazin, Bulat"]
[Black "Taalaibekov, Tagir"]
[Result "1/2-1/2"]
[WhiteElo "2401"]
[BlackElo "2225"]
[PlyCount "135"]
[EventDate "2018.10.17"]
[EventType "tourn"]
[EventRounds "9"]
[EventCountry "RUS"]
[EventCategory "1"]
[SourceTitle "CBM 187 Extra"]
[Source "ChessBase"]
[SourceDate "2018.11.04"]
[SourceVersion "1"]
[SourceVersionDate "2018.11.04"]
[SourceQuality "1"]

1. d4 e6 2. c4 f5 3. Nf3 Nf6 4. g3 Bb4+ 5. Bd2 Bxd2+ 6. Qxd2 b6 7. Bg2 Bb7 8. 0-0 0-0 9. Nc3 Ne4 10. Nxe4 Bxe4 11. d5 Qf6 12. Rac1 e5 13. c5 bxc5 14. Rxc5 Qd6 15. Qc3 Na6 16. Ra5 Nb4 17. Qxe5 Qb6 18. Ra4 Rfe8 19. Qc3 Nxd5 20. Qd2 c6 21. Nh4 Bxg2 22. Nxg2 Qb5 23. b3 Rxe2 24. Qg5 Nc3 25. Nf4 Re4 26. Nh5 Qe5 27. Ra5 Nd5 28. Kh1 h6 29. Qd2 Re2 30. Qd3 Qe4+ 31. Qxe4 fxe4 32. g4 e3 33. fxe3 Nxe3 34. Rg1 Rf8 35. Ng3 Rd2 36. Nf5 Nd1 37. Rg2 Rd3 38. Re2 Rf7 39. Rxa7 Kh7 40. Ra8 g6 41. Re7 Rxe7 42. Nxe7 Nf2+ 43. Kg2 Nxg4 44. Ra7 Ne5 45. Ra5 Nf7 46. Ra8 Kg7 47. b4 Nd6 48. a4 Rd4 49. Rd8 Kf7 50. Rxd7 Ke6 51. Ra7 Rxb4 52. Nxc6 Rb2+ 53. Kg3 Nf5+ 54. Kh3 h5 55. Nd8+ Ke5 56. Ra5+ Ke4 57. Ne6 Kf3 58. Rb5 Ra2 59. Rb3+ Kf2 60. Nf4 Kg1 61. Rb1+ Kf2 62. Rb3 Rxa4 63. Nxg6 Rg4 64. Rb5 Ng7 65. Rb2+ Ke3 66. Rb3+ Ke2 67. Rb2+ Ke3 68. Rb3+ 1/2-1/2

[Event "Moscow RSHSH Cup"]
[Site "Moscow"]
[Date "2018.10.20"]
[Round "4"]
[White "Mamatov, Melis"]
[Black "Murtazin, Bulat"]
[Result "0-1"]
[WhiteElo "2196"]
[BlackElo "2401"]
[PlyCount "62"]
[EventDate "2018.10.17"]
[EventType "tourn"]
[EventRounds "9"]
[EventCountry "RUS"]
[EventCategory "1"]
[SourceTitle "CBM 187 Extra"]
[Source "ChessBase"]
[SourceDate "2018.11.04"]
[SourceVersion "1"]
[SourceVersionDate "2018.11.04"]
[SourceQuality "1"]

1. e4 c5 2. Nf3 Nc6 3. d4 cxd4 4. Nxd4 Qb6 5. Nf3 g6 6. c4 Bg7 7. Nc3 Bxc3+ 8. bxc3 Nf6 9. Qc2 d6 10. Bh6 Ng4 11. Bg7 Rg8 12. Bd4 Qa5 13. Qd2 e5 14. Be3 f5 15. g3 Nf6 16. exf5 Bxf5 17. Rc1 0-0-0 18. Be2 d5 19. cxd5 Nxd5 20. Bg5 Nf4 21. Bxd8 Rxd8 22. Qb2 Nd3+ 23. Bxd3 Bxd3 24. Nd2 e4 25. Rb1 Rd7 26. h3 Qh5 27. g4 Qh4 28. Nb3 e3 29. Nc5 exf2+ 30. Kd1 Qg3 31. Nxd7 Qf3+ 0-1